000 00958nam a22002057a 4500
005 20250916180328.0
008 240325b ||||| |||| 00| 0 eng d0
082 _aDPer 621.381 In821 September 2022 v. 37 n. 9
100 _aWang, Can.
_eauthor.
_955260
245 _aDesign of full-order state observer for two-mass joint servo system based on the fixed gain filter /
_cCan Wang, Jinliang Liu, Lekai Xin, Guochong Li, and Jianfei Pan.
260 _aNew York ;
_bThe Institute of Electrical and Electronics Engineers, Inc. ,
_cSeptember 2022.
300 _aVolume 37, pages 10466-10475 :
_billustration ;
_c28 cm.
500 _aIEEE Transitions on Power Electronics, v. 37 n. 9, pages 10466-10475, September 2022.
700 _aWang, Can.
_eauthor.
_955260
700 _aLiu, Jinliang.
_eauthor.
_955262
700 _aXin, Lekai.
_eauthor.
_955263
700 _aLi, Guochong.
_eauthor.
_955264
700 _aPan, Jianfei.
_eauthor.
_955265
942 _2ddc
_cPER
999 _c19824
_d19824